000 00242nam a2200097Ia 4500
001 1175740
005 20250827012656.0
008 250824s9999 xx 000 0 und d
245 0 _aTEKNOLOJİ FELSEFESİ
_cSTIG BORSEN HANSEN
260 _bKETEBE
999 _c1175740
_d1175740